00760 2200265 4500001002100000005001500021035002000036007000300056008004100059020002200100082001200122084001800134100002000152245013700172250001000309260003900319300002900358650002200387700001700409700002400426990001100450990001100461990001100472990001100483INLIS00000000000346920190521024330 a0010-0519000061ta190521 g 0 ind  a978-979-055-543-1 a297. 73 a297. 73 SRI q0 aSRI, Al Hidayat1 aQur'anic Quetions & Answers: Bangsa dan Kaum yang Disebut dalam Al Qur'an /cSri Al Hidayat; editor, Abdul Wahab, Safitri Lusiana D. acet.3 aBandung :bSygma Kaya Imaji,c2018 a28 hlm :bilus. ;c27 cm 4aISLAM. PENDIDIKAN0 aABDUL, Wahab0 aSAFITRI, Luciana D. a6544 a a6544 b a6544 a a6544 b